<?xml version="1.0" encoding="UTF-8"?>
<collection xmlns="http://www.loc.gov/MARC21/slim">
 <record>
  <leader>00390pamaa2200121   4500</leader>
  <controlfield tag="001">0000014172</controlfield>
  <controlfield tag="005">20070129090000.0</controlfield>
  <datafield tag="020" ind1="0" ind2="0">
   <subfield code="a">9679950999 </subfield>
  </datafield>
  <datafield tag="090" ind1="0" ind2="0">
   <subfield code="a">TD171.3.M63 </subfield>
   <subfield code="b">STA 1997</subfield>
  </datafield>
  <datafield tag="245" ind1="1" ind2="0">
   <subfield code="a">STATE of the enviroment in Malaysia : </subfield>
   <subfield code="b">a compilation of selected papers presented at the CAP-SAM National Conference 5-9 Jan 1996.</subfield>
  </datafield>
  <datafield tag="260" ind1="0" ind2="0">
   <subfield code="a">Penang, </subfield>
   <subfield code="c">1996.</subfield>
  </datafield>
  <datafield tag="300" ind1=" " ind2=" ">
   <subfield code="a">xii, 515p.; </subfield>
   <subfield code="c">30cm.</subfield>
  </datafield>
  <datafield tag="650" ind1="0" ind2="0">
   <subfield code="a">Environment </subfield>
  </datafield>
 </record>
</collection>
